Statistieken voor Landen die het dichtst bij Guinee-Bissau liggen - Sprint v 15 seconden

Klik hier om de quiz te nemen!

Algemene statistieken

  • Deze quiz is 3 keer genomen
  • De gemiddelde score is 7 van 20

Antwoordstatistieken

kmland% Correct
61Gambia
67%
0Guinee
67%
519Liberia
67%
208Mali
67%
1668Marokko
67%
0Senegal
67%
249Sierra Leone
67%
1586Benin
33%
900Burkina Faso
33%
1188Ghana
33%
280Mauritanië
33%
1511Niger
33%
1479Togo
33%
1657Algerije
0%
758Cabo Verde
0%
637Côte d'Ivoire
0%
1832Nigeria
0%
2225Portugal
0%
1674Spanje
0%
921Westelijke Sahara
0%

Scoreverdeling

Percentiel versus Aantal Correcte Antwoorden

Procent van Mensen met Elke Score

Uw Scoregeschiedenis

U heeft deze quiz nog niet genomen